Programming languages : design and implementation /
Guardado en:
| Autor Principal: | |
|---|---|
| Formato: | Libro |
| Idioma: | English |
| Publicado: |
Englewood Cliffs, N.J. :
Prentice-Hall,
c1984.
|
| Edición: | 2nd ed. |
| Materias: | |
| Etiquetas: |
Agregar Etiqueta
Sin Etiquetas, Sea el primero en etiquetar este registro!
|
| LEADER | 00668pam a2200205 a 4500 | ||
|---|---|---|---|
| 001 | MAT.inmabb005014 | ||
| 008 | 830329s1984####njua#####b####001#0#eng## | ||
| 005 | 20130404144817.0 | ||
| 245 | 1 | 0 | |a Programming languages : |b design and implementation / |c Terrence W. Pratt. |
| 250 | |a 2nd ed. | ||
| 260 | |a Englewood Cliffs, N.J. : |b Prentice-Hall, |c c1984. | ||
| 300 | |a xix, 604 p. : |b il. ; |c 25 cm. | ||
| 504 | |a Bibliografía: p. 583-592. | ||
| 020 | |a 013730580X | ||
| 100 | 1 | |a Pratt, Terrence W. | |
| 650 | 0 | |a Programming languages (Electronic computers) | |
| 084 | |a 68N15 |2 msc2000 | ||
| 010 | |a 83004567 | ||
| 040 | |a DLC |c DLC |d DLC | ||
| 859 | |h 68 |i P913-2 |p A-5770 |b BIB. MATEMATICA | ||
